000 00792cam a2200253 i 4500
999 _c3250
_d3250
001 3654189
003 GBCCL
005 20241126110450.0
008 770613s1977 cau 000 0 eng
010 _a 76062950
020 _a0060653515 :
_c$6.95.
_a0060653523
_c$2.95
040 _aDLC
_cDLC
_dDLC
050 0 0 _aBV652.25
_b.M29 1977
082 0 0 _a254.5
_bMCG
100 1 _aMcGavran, Donald A.
_q(Donald Anderson),
_d1897-1990.
_92848
245 1 0 _aTen steps for church growth /
_cDonald A. McGavran and Winfield C. Arn.
250 _a1st ed.
260 _aSan Francisco :
_bHarper & Row,
_cc1977.
300 _a133 p. ;
_c21 cm.
650 0 _aChurch growth.
_9291
700 1 _aArn, Win,
_ejoint author.
_96689
906 _a7
_bcbc
_corignew
_d1
_eopcn
_f19
_gy-gencatlg
942 _2ddc
_cBK
_017